5HLuxD.jpg

KING HENRY VIII SENIOR AND PRIMARY SCHOOL LIBRARY OPAC

MY SECRET UNICORN (Record no. 4533)

000 -LEADER
fixed length control field 00317nam a22001217a 4500
008 - FIXED-LENGTH DATA ELEMENTS--GENERAL INFORMATION
fixed length control field 250227b ||||| |||| 00| 0 eng d
020 ## - INTERNATIONAL STANDARD BOOK NUMBER
International Standard Book Number 9780241354278
082 ## - DEWEY DECIMAL CLASSIFICATION NUMBER
Classification number 823.92 CHA
100 ## - MAIN ENTRY--PERSONAL NAME
Personal name CHAPMAN,LINDA
Relator term AUTHOR
245 ## - TITLE STATEMENT
Title MY SECRET UNICORN
260 ## - PUBLICATION, DISTRIBUTION, ETC.
Place of publication, distribution, etc. 80 STRAND,LONDON WC2R ORL
Name of publisher, distributor, etc. PUFFIN BOOKS
Date of publication, distribution, etc. 2018
942 ## - ADDED ENTRY ELEMENTS (KOHA)
Source of classification or shelving scheme
Holdings
Withdrawn status Lost status Source of classification or shelving scheme Damaged status Not for loan Collection code Permanent Location Current Location Shelving location Date acquired Full call number Barcode Date last seen Price effective from Koha item type Public note
          Fiction KH8 Primary School Library KH8 Primary School Library Fiction 2025-02-27 823.92 CHA KHPL000006318 2025-12-05 2025-02-27 Books - Fiction KH8 PRIMARY LIBRARY

Powered By KH8 IT Dept